000 00262nam a22001097a 4500
082 _a658 CRO'E
100 _aCRONSTEDT, VAL
_956980
245 _aENGINEERING MANAGEMENT AND ADMINISTRATION
260 _aNEWYORK
_bMCGRAW HILL
_c1961
300 _a345P
942 _cBK
999 _c567302
_d567302